000 00685nam a2200217 a 4500
001 BRCA_1368
005 20190320203409.0
008 940707s1985 mx-a---##b---#000-0#spa-#
020 _a968580401X
040 _aDLC
_cDLC
050 4 _aNA5256
_b.A78 1985
100 1 _aArtigas H., Juan B.
_93310
245 1 0 _aCapillas abiertas aisladas de Tlaxcala
_cJuan B. Artigas.
260 _aMéxico
_bUNAM : Instituto Tlaxcalteca de la Cultura
_c1985
300 _a1 v. (sin paginación)
_bil.
_c27 cm.
500 _aSegunda reimpresión parcial
504 _aBibliografía : p. [57]
650 1 4 _aCapillas
_zMéxico
_94475
650 1 4 _aArquitectura colonial
_zMéxico
_91940
942 _2lcc
_cB
999 _c1230
_d1230